000 00529nam a22001937a 4500
005 20260122113306.0
010 _aENG-147638
020 _a9788198519924
_c395.00
035 _aEN-131170
037 _bDBAD
082 _a158.1
_21
100 _aSehgal, Arun
_986791
245 _aMind Of An Entrepreneur/
_cSehgal, Arun
250 _a1
260 _aMumbai
_bPopular Prakashan
_c2025
270 _a301, Bhulabhai Desai Road,
_bMumbai
_e400026
300 _a171p.:
_c22cm(pb)
942 _2ddc
_cEN
_h158.1
_mSEH
999 _c214445
_d214445